000 00649nam a2200205Ia 4500
001 5565
003 GE_BSU
008 181216s||||||||xx |||||||||||||| ||und||
040 _cGE_BSU
080 _a517.977ю5
100 _aКальман Р., Фалб И., Арбиб М.
245 _aОчерки по математической теории систем.
245 _cПод ред. Я.З, Ципкина.пер санглийского
260 _aМосква
260 _bМир
260 _c1971.
300 _a398 с. 22 см.
653 _aОчерки по математической теории систем
942 _cBK
999 _c39044
_d39044